5 kingdoms in ireland - Statistics

General Stats
  • This quiz has been taken 56 times
  • The average score is 3 of 5
Answer Stats
Hint Answer % Correct
u Ulster
98%
m Munster
92%
c Connaught
59%
m Meath
37%
l Leninster
2%
No matching quizzes found
Score Distribution
Percent of People with Each Score
Percentile by Number Answered
Your Score History
You have not taken this quiz